00589nam a2200205 4500003000400000005001700004008004100021020001500062040001800077050002400095100002800119245007500147264004100222300001800263336002200281337002400303338002400327942001500351999001700366OSt20260530115256.0260507b1998 |||a|||| |||| 001 0 eng d a0887308309 aICIbspacICI aHF5415.15bH55 19981 aHirshberg, Jerry93043410aThe Creative Priority:bDriving Innovative Bussiness in the Real World 1bHarperBusinessc1998aEstados Unidos a261 páginas atexto2rdacontent asin medio2rdamedia avolumen2rdacarrier 2lcccBKn1 c12586d12586